El costo de transporte urbano de pasajeros (Registro nro. 23601)

Detalles MARC
000 -LEADER
fixed length control field 00418 a2200133 4500
001 - CONTROL NUMBER
control field ART_9378
005 - DATE AND TIME OF LATEST TRANSACTION
control field 20260410161835.0
008 - FIXED-LENGTH DATA ELEMENTS--GENERAL INFORMATION
fixed length control field 260409a
100 1# - MAIN ENTRY--PERSONAL NAME
Personal name Yardin, Amaro Ramón
245 10 - TITLE STATEMENT
Title El costo de transporte urbano de pasajeros
700 1# - ADDED ENTRY--PERSONAL NAME
Personal name Rodríguez Jauregui, Hugo A.
700 1# - ADDED ENTRY--PERSONAL NAME
Personal name Cuesta, Norberto
773 0# - HOST ITEM ENTRY
Title Contabilidad y administración
Related parts - Año 4, Nº 42 (dic. 1980)
Record control number REV5485

No hay ítems disponibles.